000 00475nam a2200157Ia 4500
008 100204s9999 xx 000 0 und d
082 _b28815
100 _aमोने उत्तरा
245 _aआय रिमेंबर
250 _a0
260 _b"सांस्कृतिक प्रकाशन , मुंबई"
_c2008
300 _a128
630 _aआय रिमेंबर
730 _aआय रिमेंबर
942 _cBOOK
999 _c473995
_d473992